Rafael Benitez' Inter - Statistics

General Stats
  • This quiz has been taken 7 times
  • The average score is 22 of 28
Answer Stats
Rank Player Position Nationality Matches Goals Assists % Correct
7 Cristian Chivu Centre-Back 18 0 0
100%
8 Dejan Stanković Central Midfield 17 5 3
100%
13 Diego Milito Centre-Forward 15 4 3
100%
6 Esteban Cambiasso Defensive Midfield 19 2 1
100%
5 Goran Pandev Second Striker 21 3 3
100%
10 Iván Córdoba Centre-Back 17 0 0
100%
3 Javier Zanetti Right-Back 21 2 0
100%
11 Júlio César Goalkeeper 16 0 0
100%
1 Lúcio Centre-Back 24 1 2
100%
12 Maicon Right-Back 15 0 0
100%
23 Marco Materazzi Centre-Back 4 0 0
100%
14 Philippe Coutinho Attacking Midfield 15 0 2
100%
2 Samuel Eto'o Centre-Forward 23 19 7
100%
16 Walter Samuel Centre-Back 13 0 0
100%
4 Wesley Sneijder Attacking Midfield 21 2 7
100%
20 Thiago Motta Defensive Midfield 6 1 0
86%
15 Davide Santon Left-Back 14 0 0
71%
21 Joel Obi Central Midfield 6 0 0
71%
9 Jonathan Biabiany Right Winger 17 1 4
71%
18 Luca Castellazzi Goalkeeper 10 0 0
71%
19 McDonald Mariga Defensive Midfield 7 0 0
71%
17 Sulley Muntari Central Midfield 11 1 0
71%
24 Felice Natalino Centre-Back 3 0 0
43%
26 Mancini Left Winger 2 0 0
43%
28 Paolo Orlandoni Goalkeeper 1 0 0
43%
25 Cristiano Biraghi Left-Back 2 0 0
29%
27 Denis Alibec Centre-Forward 2 0 0
29%
22 Nwankwo Obiora Defensive Midfield 5 0 1
14%
No matching quizzes found
Score Distribution
Percent of People with Each Score
Percentile by Number Answered
Your Score History
You have not taken this quiz